লাল সন্ত্রাস : (Record no. 12319)
[ view plain ]
| 000 -LEADER | |
|---|---|
| fixed length control field | 00898nam a2200229 a 4500 |
| 001 - CONTROL NUMBER | |
| JCCL Control Number | 12319 |
| 003 - CONTROL NUMBER IDENTIFIER | |
| JCCL marc code | BD-JhCC |
| 005 - DATE AND TIME OF LATEST TRANSACTION | |
| control field | 20221116134024.0 |
| 008 - FIXED-LENGTH DATA ELEMENTS--GENERAL INFORMATION | |
| fixed length control field | 211023s2021 bg a|||| |||| 000 0 ben d |
| 020 ## - INTERNATIONAL STANDARD BOOK NUMBER | |
| International Standard Book Number | 9789849533610 |
| 035 ## - SYSTEM CONTROL NUMBER | |
| system control number | (BD-JhCC)12319 |
| 040 ## - CATALOGING SOURCE | |
| Original cataloging agency | BD-JhCC |
| Modifying agency | BD-JhCC |
| 041 ## - LANGUAGE CODE | |
| Language code of Book | ben |
| 082 ## - DEWEY DECIMAL CLASSIFICATION NUMBER | |
| Classification number | 320 |
| Author mark and Year | AHA 2021 |
| 100 ## - MAIN ENTRY--PERSONAL NAME | |
| Personal name | আহমদ, মহিউদ্দিন |
| 245 ## - TITLE STATEMENT | |
| Title | লাল সন্ত্রাস : |
| Remainder of title | সিরাজ সিকদার ও সর্বহারা রাজনীতি / |
| Statement of responsibility, etc | মহিউদ্দিন আহমদ |
| 260 ## - PUBLICATION, DISTRIBUTION, ETC. (IMPRINT) | |
| Place of publication, distribution, etc | ঢাকা : |
| Name of publisher, distributor, etc | বাতিঘর : |
| Date of publication, distribution, etc | ২০২১. |
| 300 ## - PHYSICAL DESCRIPTION | |
| Pagination | ৪২৯ পৃ. : |
| Other physical details | চিত্রবলাী সংযোজিত, |
| Dimensions | ২১ সেমি. |
| 504 ## - BIBLIOGRAPHY, ETC. NOTE | |
| Bibliography, etc | গ্রন্থপঞ্জি অর্ন্তভূক্ত। |
| 650 ## - SUBJECT ADDED ENTRY--TOPICAL TERM | |
| Topical term or geographic name as entry element | Socio Politics |
| Geographic subdivision | Bangladesh |
| 942 ## - ADDED ENTRY ELEMENTS (KOHA) | |
| Source of classification or shelving scheme | Dewey Decimal Classification |
| Koha item type | Books |
| Koha issues (borrowed), all copies | 3 |
| Source of classification or shelving scheme | Damaged status | Not for loan | Home library | Current library | Shelving location | Date of accession | Cost, normal purchase price | Total Checkouts | Full call number | Barcode | Date last seen | Date checked out | Copy number | Koha item type |
|---|---|---|---|---|---|---|---|---|---|---|---|---|---|---|
| Dewey Decimal Classification | JCC Rouf Library | JCC Rouf Library | General Stacks | 06/08/2021 | 680.00 | 3 | 320 AHA 2021 | 16804 | 06/20/2023 | 05/23/2023 | C-1 | Books |